Plus gros transferts entre clubs anglais - Statistiques

Statistiques générales
  • Ce quiz a été pris 46 fois
    3 depuis la dernière actualisation
  • Le résultat moyen est 19 sur 30
Statistiques - réponses
Valeur Club de départ Club d'arrivée Réponse % Correct
116M Brighton Chelsea Caicedo
100%
74.2M Wolverhampton Man. United Cunha
100%
69.3M Crystal Palace Arsenal Eze
100%
117,5M Aston Villa Man. City Grealish
100%
145M Newcastle Liverpool Isak
100%
84,7M Everton Man. United Lukaku
100%
56M Chelsea Arsenal Madueke
100%
87M Leicester Man. United Maguire
100%
67,8M Leicester Man. City Mahrez
100%
75M Brentford Man. United Mbeumo
100%
116,6M West Ham Arsenal Rice
100%
63,7M Liverpool Man. City Sterling
100%
84,65M Southampton Liverpool Van Dijk
100%
58,5M Brighton Arsenal White
100%
65,3M Brighton Chelsea Cucurella
50%
80,4M Leicester Chelsea Fofana
50%
75M Chelsea Arsenal Havertz
50%
63.7M Brighton Chelsea Joao Pedro
50%
63.8M West Ham Tottenham Kudus
50%
67,7M Chelsea Man. United Mount
50%
60M Wolverhampton Chelsea Neto
50%
62M Wolverhampton Man. City Nunes
50%
64.3M Bournemouth Tottenham Solanke
50%
56,2M Man. City Chelsea Sterling
50%
61.4M N. Forest Newcastle Elanga
0%
62,1M Southampton Chelsea Lavia
0%
59,35M Everton Aston Villa Onana
0%
58M Everton Tottenham Richarlison
0%
58,5M Liverpool Chelsea Torres
0%
57.5M Brentford Newcastle Wissa
0%
Aucun quiz correspondant
Distribution des résultats
% des personnes avec chaque résultat
Percentile par nombre de réponses
Votre historique - résultats
Vous n’avez pas pris ce quiz depuis la dernière actualisation